00661nam a22002057a 450000500170000001000190001702000330003602000330006903500180010203700090012008200150012910000160014424500500016025000060021026000410021627000880025730000190034549000080036450000830037220250827154438.0 aENG-146543-544 a9789367134290(Vol 1)c810.00 a9789367131053(Vol 2)c760.00 aEN-130075-076 bDBAD a540.07621 aRajiv Vijay aNEET Biology Vol - I & II,-2025/cRajiv Vijay a1 aNoidabPearson India Educationc2025 a15th Floor, Towe-B, World Trade Tower, Plot No.1, Block-C, Sector-16bNoidae201301 avpp.c28cm(pb) v1,2 aPYQ & Solution, 6500+ topicwsie MCQ with diagram based Ques. For Class XI, XII